000
00295nam a22001097a 4500
008
210803b ||||| |||| 00| 0 eng d
082
_a
378.1 ORI
245
_a
Orientation to college learning ( 2021)
260
_a
Thimphu :
_b
Royal Thimphu College,
_c
2021.
300
_a
67 p.
_c
29 cm.
942
_2
ddc
999
_c
8810
_d
8811